Γιάννης Γαΐτης
Αποθηκεύτηκε σε:
| Κύριος συγγραφέας: | |
|---|---|
| Μορφή: | Βιβλίο |
| Γλώσσα: | Greek |
| Δημοσίευση: |
[Αθήνα] :
Τα Νέα,
[2008;]
|
| Σειρά: | Σύγχρονοι Έλληνες εικαστικοί ;
7 |
| Θέματα: | |
| Ετικέτες: |
Προσθήκη ετικέτας
Δεν υπάρχουν, Καταχωρήστε ετικέτα πρώτοι!
|
MARC
| LEADER | 00000cam a2200000 i 4500 | ||
|---|---|---|---|
| 001 | 1/102010 | ||
| 008 | 090303s2008 gr | ||| |||| ||gre|| | ||
| 020 | |a 9789604693856 | ||
| 035 | |l 10103493 | ||
| 040 | |a GR-MyUa |b gre |e AACR2 | ||
| 041 | 0 | |a gre | |
| 082 | 7 | |a 700.92 |2 (22) | |
| 100 | 1 | |a Ζαχαρόπουλος, Ντένης. | |
| 245 | 1 | 0 | |a Γιάννης Γαΐτης / |c Ντένης Ζαχαρόπουλος. |
| 260 | |a [Αθήνα] : |b Τα Νέα, |c [2008;] | ||
| 300 | |a 145 σ. : |b έγχρ. εικ. ; |c 25 εκ. | ||
| 490 | 1 | |a (Σύγχρονοι Έλληνες εικαστικοί ; |v 7) | |
| 504 | |a Βιβλιογραφία: σ. [144]-145. | ||
| 600 | 1 | 0 | |a Γαΐτης, Γιάννης, |d 1923-1984. |
| 650 | 0 | |a Painters |z Greece |y 20th century. | |
| 830 | 0 | |a Σύγχρονοι Έλληνες εικαστικοί ; |v 7 | |
| 852 | |a INST |b LESVOS |e 20190716 |h 700.92 ΖΑΧ |p 005100061843 |q 005100061843 |t BK |y 0 | ||
| 852 | |a INST |b SYROS |e 20090303 |h 700.92 ΓΑΙ |p 005500008656 |q 005500008656 |t BK |y 0 | ||
| 901 | |a BIBL5-2009-1 | ||
| 922 | |a 5ΕΛΗ |b 200901 |c Βιβλιοθήκη Σύρου |d Πρίντεζη Άννα | ||
| 970 | |a Κοντού |b Παρασκευή |z 03/03/2009 | ||